00758nam a2200217Ia 4500003000900000005001700009008004100026040003300067041000800100080001200108100002500120245009100145260003000236300002300266650001200289650002500301650009100326942000700417952009900424999001700523LK-CoDNM20241010125528.0010623t1923 xxu||||| |||| 00| 1 eng d aLK-CoDNMdLK-CoDNMeLK-CoDNM aeng a5 bJ20 aAllman,George James. aA Monograph of the British Marine Annelids : Polychaeta to Sabellidae to Serpulidae. bRay SocietyaLondonc1923 b285p,137Pl., 36 cm aZoology aAllman,George James. aA Monograph of the British Marine Annelids : Polychaeta to Sabellidae to Serpulidae. cBK 001041708OBCaMAINbMAINcREFd2024-10-10l0o5 J20pOJP3001-1r2024-10-10w2024-10-10yBK c91432d91432